Doctor Who Characters - Statistics

General Stats
  • This quiz has been taken 331 times
  • The average score is 10 of 15
Answer Stats
Hint Answer % Correct
Time lord The Doctor
99%
Badwolf Rose Tyler
97%
Robotic Dog K9
96%
The girl who waited Amy Pond
92%
Impossible Girl Clara Oswald
89%
Torchwood Jack Harkness
89%
Melody River song
88%
The last Centurian Rory Williams
87%
Bad Timelord The Master
84%
Potato Strax
58%
Lizard Vastra
50%
Mate Donna Noble
37%
Unit Kate Stewart
30%
Cyberman Danny Pink
21%
Computer Augmented Human Psi
4%
No matching quizzes found
Score Distribution
Percent of People with Each Score
Percentile by Number Answered
Your Score History
You have not taken this quiz